Представление документа в формате RUSMARC

ПолеНазваниеЗначение
  Тип записи a
  Библиографический уровень m
001 Контрольный номер 09a4e45b28ed46229b9e61cdbcbb205e
005 Дата корректировки 20200128111946.9
010 Индекс ISBN __
a ISBN 978-5-394-01834-3
101 Язык документа 0_
a Язык текста rus
102 Страна публикации __
a Страна публикации RU
200 Заглавие и сведения об ответственности 1_
a Заглавие Открываю микропредприятие
b Общее обозначение материала Текст
e Сведения, относящиеся к заглавию практ. пособие
f Первые сведения об ответственности В. В. Волгин
205 Сведения об издании __
a Основные сведения об издании 2-е изд.
210 Выходные данные 1_
a Место издания Москва
c Издательство Дашков и К
d Дата издания 2018
215 Физическое описание __
a Объем 580 с.
610 Ключевые слова 0_
a Ключевые слова микропредприятие
a Ключевые слова финансовая безопасность
a Ключевые слова продвижение товаров
a Ключевые слова банкротство
a Ключевые слова бизнес-план
686 Индексы других классификаций __
a Классификационный индекс 65.9(2)09
700 Автор _1
a Фамилия Волгин
b Имя В. В.
801 Источник записи _0
a Страна RU
b Организация РУК
c Дата составления 20200128
g Правила каталогизации PSBO
801 Источник записи _1
a Страна RU
b Организация РУК
g Правила каталогизации PSBO
852 Данные о местонахождении __
i Авторский знак В 67
j Шифр хранения 65.9(2)09
901 Тип документа __
t Тип документа m
937 Технологическая информация __
a Создатель записи (имя) Мясникова
938 Служебная информация __
a Название организации Головной вуз